000 00411nam a22001697a 4500
003 MPLRDC
005 20220104124121.0
008 210129b ||||| |||| 00| 0 eng d
082 _a868.71 MH-5
100 _a马汉主编
245 _a一九八三年马华小说选
_c
250 _a初版
260 _a
_b长青贸易公司
_c1984
300 _b
650 _a马华文学
942 _cBK
_o868.71 MH-5
999 _c16779
_d16769